000 00949nac a22002777a 4500
001 BR7500833
003 BR-BrBNA
005 20240105113835.0
008 230509b bl.|||m| |||| 00| 0 por d
040 _aBR-BrBNA
_bpor
_cBiblioteca Nacional de Agricultura
072 _aM10
090 _a8310 BR7500833
110 1 _aPrograma de Pesquisa e Desenvolvimento Pesqueiro do Brasil, Brasilia, DF
_97975
245 1 _aProspeccao do camarao-rosa na costa dos estados do Espirito Santo, Rio de Janeiro e Guanabara [Camarao rosa; Captura; Brasil]
260 3 _aBrasilia, DF (Brasil):
_c1975.
300 _a7 p.
490 _aNavio de Pesquisa Riobaldo. Relatorio do Cruzeiro (Brazil)
_vno. 1
_x
500 _aNumerical data
650 _aProducao pesqueira
650 _aCamarao rosa
650 _aCaptura
650 _aEspirito Santo
650 _aRio de Janeiro
909 _a202312
_bLúcia Elande
_c55
_dLúcia Elande
942 _2AGRIS
_n0
_cMS
999 _c265882
_d265882